000 00671nam a22001937a 4500
999 _c15246
_d15246
003 OSt
082 _2631.3 NIM/DE
088 _aP 80
100 _aNIMMI RACHEL GEORGE
_93809
245 _aDevelopment and testing of an arecanut harvester cum sprayer
260 _aTavanur 1998
_bDepartment of Farm Power Machinery and Energy
300 _a75
500 _aDevelopment and testing of an arecanut harvester cum sprayer
520 _aDevelopment and testing of an arecanut harvester cum sprayer
700 _aPreetha T. J
_93810
700 _aEr. Jayan P. R (Guide)
_93764
856 _uhttps://drive.google.com/open?id=17fChdZnNkDWuOqVCBfbE-OXjc1Qd6BCC
942 _cPR